00773nam a22002177a 450000100060000000300080000600500170001400800410003103500190007204000350009104100080012608200260013410000210016024500850018126000780026630000360034450200840038050400360046465000210050070000340052180111BD-RjUL20220724154042.0220724s1981 bg ||||| m||| 00| 0 eng d a(BD-RjUL)80111 aBD-RjULbengcBD-RjULdBD-RjUL aeng 223a170.924bHAS 1981 aHamid, Md. Abdul10aA Study of Moore's Ethics /cBy Md. Abdul Hamid ;6Supervisor : Dharmendra, Goel aRajshahi :bDepartment Of Philosophy, Panjab University Chandigarh,c1981 av, 266 leaves ;bill, :c29.cm. aThesis (Ph. D.) -- Department Of Philosophy, Panjab University Chandigarh, 1981 aBibliography : Leaves 250 - 266 aEthics vMoore's aGoel, Dharmendra, Supervisor